书目信息 |
| 题名: |
毛泽东在共和国重大历史关头
|
|
| 作者: | 王永军 主编 | |
| 分册: | 下册 | |
| 出版信息: | 沈阳 辽海出版社 2006.03 |
|
| 页数: | 506页 | |
| 开本: | 21cm | |
| 丛书名: | ||
| 单 册: | ||
| 中图分类: | A751 | |
| 科图分类: | ||
| 主题词: | ||
| 电子资源: | ||
| ISBN: | 7-80669-187-1 | |
| 000 | 00934nam0 2200241 450 | |
| 001 | 012006195137 | |
| 005 | 20060630162756.37 | |
| 010 | @a7-80669-187-1@dCNY66.00 (全2册) | |
| 100 | @a20060611d2006 km y0chiy0120 ea | |
| 101 | 0 | @achi |
| 102 | @aCN@b210000 | |
| 105 | @aach z 000yd | |
| 200 | 1 | @a毛泽东在共和国重大历史关头@Amao ze dong zai gong he guo zhong da li shi guan tou@h下册@f王永军主编@Fwang yong jun zhu bian |
| 205 | @a第2版 | |
| 210 | @a沈阳@c辽海出版社@d2006.03 | |
| 215 | @a506页@c图, 肖像, 摹真@d21cm | |
| 320 | @a有书目 (第502-506页)。 | |
| 330 | @a本书通过组建民主中央政府、抗美援朝等十四个专题,配以大量图片,生动地叙述了毛泽东在共和国重大历史关头的大智大勇,全面反映他的丰功伟绩,真实再现他超凡的个人魅力和高贵品质。 | |
| 600 | 0 | @a毛泽东@Amao ze dong@x生平事迹@y中国@z1949-1976 |
| 690 | @aA751@v4 | |
| 701 | 0 | @a王永军@Awang yong jun@4主编 |
| 801 | 0 | @aCN@bQSSK@c20060630 |
| 905 | @a10447@dA751@eW432:2 | |
| 毛泽东在共和国重大历史关头.下册/王永军主编.-第2版.-沈阳:辽海出版社,2006.03 |
| 506页:图, 肖像, 摹真;21cm |
| ISBN 7-80669-187-1:CNY66.00 (全2册) |
| 本书通过组建民主中央政府、抗美援朝等十四个专题,配以大量图片,生动地叙述了毛泽东在共和国重大历史关头的大智大勇,全面反映他的丰功伟绩,真实再现他超凡的个人魅力和高贵品质。 |
| ● |
| 相关链接 |
|
|
|
正题名:毛泽东在共和国重大历史关头
索取号:A751/W432:2
 
预约/预借
| 序号 | 登录号 | 条形码 | 馆藏地/架位号 | 状态 | 备注 |
| 1 | 583733 | 205837335 | 社科库509/422社科库 31排1列2层/ [索取号:A751/W432:2] | 在馆 | |
| 2 | 583734 | 205837344 | 社科库509/422社科库 31排1列2层/ [索取号:A751/W432:2] | 在馆 | |
| 3 | 583735 | 205837353 | 社科库509/509社科库 2排3列6层/ [索取号:A751/W432:2] | 在馆 |